Générique Bienvenue chez les Loud - Statistiques

Statistiques générales
  • Ce quiz a été pris 1 315 fois
  • Le résultat moyen est 51 sur 71
Statistiques - réponses
Paroles % Correct
les
96%
les
96%
les
96%
Loud
96%
Loud
96%
Loud
96%
Bienvenue
95%
Bienvenue
95%
Bienvenue
95%
chez
95%
chez
95%
chez
95%
ma
88%
filles
87%
filles
87%
la
85%
la
85%
la
85%
Mais
85%
de
84%
tout
84%
Un
82%
Un
82%
à
81%
en
78%
en
78%
salle
78%
bain
77%
maison
76%
Pour
76%
pour
76%
des
75%
des
75%
famille
74%
dix
73%
qui
73%
c'est
72%
gars
72%
Atteindre
70%
ça
70%
Esquiver
70%
grande
70%
Traverser
70%
chemin
69%
toute
69%
qu'on
68%
comme
67%
couches
65%
pas
65%
s'aime
65%
linge
64%
bon
62%
très
62%
raison
61%
garçon
60%
nous
60%
temps
60%
du
59%
garder
59%
sentent
59%
bouscule
58%
ou
57%
faire
56%
j'adore
54%
Enjamber
51%
tas
51%
freine
50%
doit
49%
oui
30%
Pousse
27%
tire
21%
Aucun quiz correspondant
Distribution des résultats
% des personnes avec chaque résultat
Percentile par nombre de réponses
Votre historique - résultats
Vous n’avez pas pris ce quiz